000 00868nam a22002532 4500
001 5125
003 BD-RjUL
005 20211208234020.0
008 131224s1908 enkaf 000 0 eng d
035 _aOCLC ocm11558957 from D980108M
_a(BD-RjUL)5161
040 _aTXH
_cTXH
_dEQO
_dBD-RjUL
_beng
041 1 _aeng
_hfre
082 _2364.13
_bDUC
090 _aHV6211
_b.D82 1908
100 1 _aDumas, Alexandre,
_d1802-1870.
_916135
245 1 4 _aThe crimes of Ali Pacha and others /
_cby Alexandre Dumas ; with an introduction by R.S. Garnett.
260 _aLondon :
_bMethuen,
_c1908.
300 _axii, 427 p., [7] leaves of plates :
_bill. ;
_c20 cm.
500 _aTranslation of selections from: Les crimes célèbres.
505 0 _aAli Pacha -- Massacres of the South -- Nisida.
650 0 _aCriminals.
_916136
942 _2ddc
_cBK
999 _c5125
_d5125